Ishaaton mein hain mehfoz sari taqrireen / (Record no. 331528)
[ view plain ]
| 000 -LEADER | |
|---|---|
| fixed length control field | nam a22 7a 4500 |
| 003 - CONTROL NUMBER IDENTIFIER | |
| control field | NUST |
| 005 - DATE AND TIME OF LATEST TRANSACTION | |
| control field | 20171003110529.0 |
| 008 - FIXED-LENGTH DATA ELEMENTS--GENERAL INFORMATION | |
| fixed length control field | 171003b xxu||||| |||| 00| 0 eng d |
| 040 ## - CATALOGING SOURCE | |
| Transcribing agency | NUST |
| 082 ## - DEWEY DECIMAL CLASSIFICATION NUMBER | |
| Classification number | 923.2 |
| Author Mark | JIN |
| 245 ## - TITLE STATEMENT | |
| Title | Ishaaton mein hain mehfoz sari taqrireen / |
| Statement of responsibility, etc. | tehqeeq o martaba by Aftab Masror Alam Khan |
| 260 ## - PUBLICATION, DISTRIBUTION, ETC. | |
| Place of publication, distribution, etc. | Islamabad: |
| Name of publisher, distributor, etc. | Wazarat e Khawateen Pakistan, |
| Date of publication, distribution, etc. | 2006 |
| 300 ## - PHYSICAL DESCRIPTION | |
| Extent | 312 p. |
| Other physical details | ill. |
| 500 ## - GENERAL NOTE | |
| General note | Speeches |
| 546 ## - LANGUAGE NOTE | |
| Language note | In Urdu |
| 650 ## - SUBJECT ADDED ENTRY--TOPICAL TERM | |
| Topical term or geographic name entry element | Speeches- Fatima Jinnah |
| 9 (RLIN) | 5162 |
| 700 ## - ADDED ENTRY--PERSONAL NAME | |
| Personal name | Aftab Masror Alam Khan |
| 9 (RLIN) | 5163 |
| 880 ## - ALTERNATE GRAPHIC REPRESENTATION | |
| Linkage | 245-02\(3\r |
| Title | اشاعتوں میں ہیں محفوظ ساری تقریریں: مادر ملت محترمہ جناح کی تقاریر ، بیانات، پیغامات اور نایاب تصاویر کا مجموعہ |
| c | تحقیق و مرتبہ: آفتاب مسرور عالم خان |
| 880 ## - ALTERNATE GRAPHIC REPRESENTATION | |
| Linkage | 260-03\(3\r |
| Title | اسلام آباد: |
| b | وزارت خواتین پاکستان، |
| c | 2006 |
| 942 ## - ADDED ENTRY ELEMENTS (KOHA) | |
| Source of classification or shelving scheme | |
| Koha item type | Book |
| Withdrawn status | Lost status | Source of classification or shelving scheme | Damaged status | Not for loan | Permanent Location | Current Location | Shelving location | Date acquired | Full call number | Barcode | Date last seen | Copy number | Price effective from | Koha item type | Total Checkouts |
|---|---|---|---|---|---|---|---|---|---|---|---|---|---|---|---|
| Central Library (CL) | Central Library (CL) | Biographies | 10/03/2017 | 923.2549 JIN | CL2125 | 10/03/2017 | 1 | 10/03/2017 | Book | ||||||
| Central Library (CL) | Central Library (CL) | Biographies | 05/09/2022 | 923.2549 JIN | CL2198 | 05/09/2022 | 05/09/2022 | Book |
